000 00604nam a2200181Ia 4500
008 100920s9999 xx 000 0 und d
082 _b98799
_a28 व 891,43 न 07
100 _aझा आभा.
245 _aइस हाथ दे, उस हाथ ले.
260 _bगांधी पूजा.
_c2007
300 _a16
_bसाधी
365 _b9
520 _aबा.वि.हिंदी.
630 _aइस हाथ दे, उस हाथ ले.
650 _aबा.वि.हिंदी.
730 _aइस हाथ दे, उस हाथ ले.
942 _cBOOK
999 _c739237
_d739234